ARRUPE JESUIT UNIVERSITY

CORONAVIRUS -STOP THE SPREAD - CLEAN,DISINFECT,COVER

In praise of love / (Record no. 118270)

MARC details
000 -LEADER
fixed length control field 00911cam a2200289 a 4500
001 - CONTROL NUMBER
control field 17472062
003 - CONTROL NUMBER IDENTIFIER
control field ARRUPE
005 - DATE AND TIME OF LATEST TRANSACTION
control field 20131007172222.0
008 - FIXED-LENGTH DATA ELEMENTS--GENERAL INFORMATION
fixed length control field 120924s2012 nyu 000 0 eng
010 ## - LIBRARY OF CONGRESS CONTROL NUMBER
LC control number 2012035785
020 ## - INTERNATIONAL STANDARD BOOK NUMBER
International Standard Book Number 9781595588777 (hbk.)
040 ## - CATALOGING SOURCE
Original cataloging agency DLC
Transcribing agency DLC
Modifying agency DLC
041 1# - LANGUAGE CODE
Language code of text/sound track or separate title eng
Language code of original and/or intermediate translations of text fre
042 ## - AUTHENTICATION CODE
Authentication code pcc
050 00 - LIBRARY OF CONGRESS CALL NUMBER
Classification number BD436
Item number .B3213 2012
300 ## - PHYSICAL DESCRIPTION
Dimensions 19 cm.
100 1# - MAIN ENTRY--PERSONAL NAME
Personal name Badiou, Alain.
9 (RLIN) 2206
240 10 - UNIFORM TITLE
Uniform title <a href="Eloge de l'amour.">Eloge de l'amour.</a>
Language of a work English
245 10 - TITLE STATEMENT
Title In praise of love /
Statement of responsibility, etc Alain Badiou with Nicolas Truong ; translated by Peter Bush.
260 ## - PUBLICATION, DISTRIBUTION, ETC. (IMPRINT)
Place of publication, distribution, etc New York :
Name of publisher, distributor, etc New Press,
Date of publication, distribution, etc 2012.
300 ## - PHYSICAL DESCRIPTION
Extent 104 p. ;
600 10 - SUBJECT ADDED ENTRY--PERSONAL NAME
Personal name Badiou, Alain
Form subdivision Interviews.
9 (RLIN) 2207
650 #0 - SUBJECT ADDED ENTRY--TOPICAL TERM
Topical term or geographic name as entry element Love.
9 (RLIN) 2208
700 1# - ADDED ENTRY--PERSONAL NAME
Personal name Truong, Nicolas.
9 (RLIN) 2209
906 ## - LOCAL DATA ELEMENT F, LDF (RLIN)
a 7
b cbc
c orignew
d 1
e ecip
f 20
g y-gencatlg
942 ## - ADDED ENTRY ELEMENTS (KOHA)
Source of classification or shelving scheme Library of Congress Classification
Koha item type Monograph ( Printed materials)
Holdings
Withdrawn status Lost status Source of classification or shelving scheme Damaged status Not for loan Home library Current library Shelving location Date acquired Total Checkouts Full call number Barcode Date last seen Price effective from Koha item type
    Library of Congress Classification     ARRUPE LIBRARY ARRUPE LIBRARY Main Collection 07/10/2013   BD436 .B3213 2012 46410713 02/09/2016 07/10/2013 Monograph ( Printed materials)

 

Arrupe Library. PO Box MP320 Mt Pleasant, Harare, Zimbabwe
263 242 745411|librarian@aju.ac.zw